00721cam a22002053a 450000100060000000300060000600500170001200800410002904000150007004200070008505000070009224501360009926000290023550600300026451600200029465300540031465300760036883000290044485600420047318977PGUSA20140828083413.0060803s2006||||xxu|||||s|||||000 | eng d aPGUSAbeng adc 4aAP14aThe Continental Monthly, Vol. 1, No. 1, January 1862 :bDevoted to Literature and National Policyh[electronic resource] /cVarious bProject Gutenberg,c2006 aPublic domain in the USA. aElectronic text aLiterature, Modern -- 19th century -- Periodicals aUnited States -- Politics and government -- 19th century -- Periodicals 0aProject Gutenbergv1897740uhttp://www.gutenberg.org/ebooks/18977